| 000 -ლიდერი |
| ფიქსირებული სიგრძის საკონტროლო ველი |
01033nam a22002177a 4500 |
| 003 - საკონტროლო ნომრის იდენტიფიკატორი |
| საკონტროლო ველი |
Ge_BSU |
| 005 - ბოლო ოპერაციის თარიღი და დრო |
| საკონტროლო ველი |
20250318163111.0 |
| 008 - ფიქსირებული სიგრძის მონაცემთა ელემენტები - ზოგადი ინფორმაცია |
| ფიქსირებული სიგრძის საკონტროლო ველი |
250318s2003 ge ||||| |||| 00| 0 geo d |
| 041 ## - ენის კოდი |
| Language code of text/sound track or separate title |
geo |
| 080 ## - უნივერსალური ათობითი კლასიფიკაციის ინდექსი |
| Universal Decimal Classification number |
618.2(075.8) გ-47 |
| 100 ## - მთავარი ჩანაწერი - პიროვნების სახელი |
| Personal name |
გიგინეიშვილი, მ. ს. |
| 9 (RLIN) |
24608 |
| 245 ## - ცნობა სათაურის შესახებ |
| Title |
მეანობა : |
| Remainder of title |
[სახელმძღვ. სამედ. უნ-ტის სტუდ.] / |
| Statement of responsibility, etc |
მ.ს. გიგინეიშვილი, მ.მ. გიგინეიშვილი ; რედ.: თ. დეკანოსიძე. |
| 250 ## - გამოცემის ცნობა |
| Edition statement |
მე-4 შესწორებული გამოცემა |
| 264 ## - წარმოების, გამოცემის, დისტრიბუციის და სხვა ცნობები |
| გამოცემის, წარმოების, დისტრიბუციის... ადგილი |
თბილისი : |
| გამოცემის, წარმოების, დისტრიბუციის... სახელწოდება |
მედეა, |
| გამოცემის, წარმოების, დისტრიბუციის... თარიღი |
2003. |
| 300 ## - ფიზიკური აღწერა |
| Extent |
512 გვ.: |
| Other physical details |
ილ.; |
| Dimensions |
24 სმ. |
| 653 ## - INDEX TERM--UNCONTROLLED |
| Uncontrolled term |
მეანობა |
| 653 ## - INDEX TERM--UNCONTROLLED |
| Uncontrolled term |
მედიცინა |
| 700 ## - ADDED ENTRY--PERSONAL NAME |
| Personal name |
გიგინეიშვილი, მ.მ. |
| Relator term |
ავტორი |
| 9 (RLIN) |
24609 |
| 700 ## - ADDED ENTRY--PERSONAL NAME |
| Personal name |
დეკანოსიძე, თ., |
| Relator term |
რედაქტორი |
| 9 (RLIN) |
3868 |
| 942 ## - ADDED ENTRY ELEMENTS (KOHA) |
| Source of classification or shelving scheme |
|
| Koha item type |
წიგნი |